000 01065nam a22002417a 4500
003 OSt
005 20260318041341.0
008 260318b |||||||| |||| 00| 0 eng d
020 _a9781449477912
040 _aDWCL GS lib
_cOC
082 _aF S612 2016
100 _aSimpson, Dana
245 _aRazzle Dazzle Unicorn :
_bAnother Phoebe and Her Unicorn Adventure /
_cDana Simpson
260 _aKansas City, Missouri
_bAndrews McMeel Publishing
_cc2016.
300 _avii, 181 pages:
_billustrations
_c22cm.
520 _aRazzle Dazzle Unicorn is the fourth volume in Dana Simpson's Phoebe and Her Unicorn series, following the adventures of Phoebe and her narcissistic unicorn BFF, Marigold Heavenly Nostrils. The graphic novel covers roughly eight months of school, summer camp, and magical mishaps, featuring "sparkle fever," jealous frenemies, and a disappearing room.
546 _aEnglish
650 _aComics
650 _aHumor
650 _aGraphic Novel
650 _aFantasy Fiction
942 _2ddc
_cFIC.
_hF S612 2016
_n0
999 _c9261
_d9261